| 000 | 01106cam a2200229 i 4500 | ||
|---|---|---|---|
| 005 | 20260507065900.0 | ||
| 008 | 181206s2018 ii ab bs 001 0 eng d | ||
| 020 | _a9789353333096 (hbk.) | ||
| 020 | _a9353333091 | ||
| 082 | 0 | 4 | _a307.720954 GAN |
| 100 | 1 | _aGandhi, Feroze Varun, | |
| 245 | 1 | 2 |
_aA rural manifesto : _brealizing India's future through her villages / _cFeroze Varun Gandhi. |
| 264 | 1 |
_aNew Delhi : _bRupa, _c2018. |
|
| 300 |
_axx, 825 p. : _c25 cm |
||
| 505 | _aContents: Preface Chapter-I On Agricultural Inputs Chapter-II-On Water Availability Chapter-III-On Energy Access Chapter-IV-On Agricultural Marketing Chapter-V- On Non-Farm Income Chapter-VI- On Handicrafts Chapter-VII- On Rural Labour Chapter-VIII- On Rural Education Chapter-IX- On Rural Healthcare Chapter-X- On Rural Credit Chapter-XI-A Way Forward Index | ||
| 530 | _aAlso available as an e-book. | ||
| 650 | 0 |
_aAgriculture _xEconomic aspects _zIndia. |
|
| 650 | 0 |
_aRural development _zIndia. |
|
| 650 | 7 |
_aAgriculture _xEconomic aspects. _2fast |
|
| 650 | 7 |
_aEconomic history. _2fast |
|
| 942 |
_2ddc _cBK |
||
| 999 |
_c211924 _d211924 |
||